El mundo de los egipcios / (Record no. 187233)

MARC details
000 -LEADER
campo de control de longitud fija 00733nam a2200205 i 4500
001 - NÚMERO DE CONTROL
campo de control 187233
003 - IDENTIFICADOR DE NÚMERO DE CONTROL
campo de control SpMaBN
005 - FECHA Y HORA DE LA ÚLTIMA TRANSACCIÓN
campo de control 20250822063237.0
008 - DATOS DE LONGITUD FIJA--INFORMACIÓN GENERAL
campo de control de longitud fija 170517s1973 sp ao |||| | spa d
020 ## - NÚMERO INTERNACIONAL ESTÁNDAR DEL LIBRO
Número Internacional Estándar del Libro 84-226-0451-5
080 ## - NÚMERO DE LA CLASIFICACIÓN DECIMAL UNIVERSAL
Número de la Clasificación Decimal Universal 008(32)
100 1# - ENTRADA PRINCIPAL--NOMBRE DE PERSONA
Nombre de persona Champollion-Figeac, Jacques-Joseph,
Fechas asociadas al nombre 1778-1867
9 (RLIN) 37932
245 13 - MENCIÓN DEL TÍTULO
Título El mundo de los egipcios /
Mención de responsabilidad, etc. Jacques Champollion ; [traducción, Carlos Ayala González-Nieto].
260 ## - PUBLICACIÓN, DISTRIBUCIÓN, ETC.
Lugar de publicación, distribución, etc. Barcelona :
Nombre del editor, distribuidor, etc. Círculo de Lectores,
Fecha de publicación, distribución, etc. [1973]
300 ## - DESCRIPCIÓN FÍSICA
Extensión 151, [9] p. :
Otras características físicas il. col. y n., fot. ;
Dimensiones 24 x 20 cm.
504 ## - NOTA DE BIBLIOGRAFÍA, ETC.
Nota de bibliografía, etc. Índice.
651 #7 - PUNTO DE ACCESO ADICIONAL DE MATERIA--NOMBRE GEOGRÁFICO
Nombre geográfico Egipto-
Subdivisión general Civilización.
9 (RLIN) 8138
852 ## - LOCALIZACIÓN
Ubicación ES-MaACL
Número de control de estantería L-31578
Nota libre - enc. cart.
-- . - Donat. Carmen Zumárraga
Holdings
Estatus retirado Estado de pérdida Estado de daño No para préstamo Biblioteca de origen Biblioteca actual Ubicación en estantería Fecha de adquisición Fuente de adquisición Total de préstamos Signatura topográfica completa Código de barras Visto por última vez Precio de reemplazo Tipo de ítem Koha
        Biblioteca del Ateneo de Madrid Biblioteca del Ateneo de Madrid Depósito 2 17/05/2017     L-31578 1197574 23/02/2023 23/02/2023 Libro impreso